| 000 | 00521nam a22001817a 4500 | ||
|---|---|---|---|
| 005 | 20241002130025.0 | ||
| 008 | 241002b |||||||| |||| 00| 0 eng d | ||
| 020 | _a9780639012209 | ||
| 041 | _aEnglish | ||
| 082 | _a345.3 NEE | ||
| 100 | _lEnglish | ||
| 245 |
_aLaw of Delict / _cJ Neethling and JM Potgieter |
||
| 250 | _a8th Edition | ||
| 260 |
_aDurban: _bLexisNexis (Pty) Ltd, _c2020 |
||
| 300 |
_bxii, 554 pages; _c26 cm. |
||
| 650 |
_aLegal practice _bLaw |
||
| 942 |
_cBK _6ALISON_BN_VRIES |
||
| 999 |
_c3196 _d3196 |
||